Catalog

Record Details

Catalog Search



Lady Diana Spencer : Princess of Wales  Cover Image Book Book

Lady Diana Spencer : Princess of Wales / Nancy Whitelaw.

Whitelaw, Nancy. (Author).

Summary:

A biography of the Princess of Wales, beginning with her birth and including her death in 1997.

Record details

  • ISBN: 1883846358
  • Physical Description: 112 pages : illustrations ; 23 cm.
  • Edition: 1st edition
  • Publisher: Greensboro, NC : Morgan Reynolds, c1998.

Content descriptions

Bibliography, etc. Note:
Includes bibliographical references (p. 105) and index.
Subject: Diana, Princess of Wales, 1961-1997 > Juvenile literature.
Princesses > Great Britain > Biography > Juvenile literature.
Princesses.
Women > Biography.

Available copies

  • 1 of 1 copy available at scottsboropl.

Holds

  • 0 current holds with 1 total copy.
Show Only Available Copies
Location Call Number / Copy Notes Barcode Shelving Location Status Due Date
scottsboropl J 941.085 Whi 32269000556681 Juvenile - NonFiction Available -

LDR 01145cam a2200301 a 4500
001116240
003CONS
00520140703073255.0
008980127s1998 ncua j b 001 0beng
010 . ‡a 98005378
020 . ‡a1883846358
035 . ‡a(CPomAG)LMN304196
043 . ‡ae-uk---
05000. ‡aDA591.A45 ‡bD5377 1998
08200. ‡a941.085/092 ‡aB ‡221
1001 . ‡aWhitelaw, Nancy.
24510. ‡aLady Diana Spencer : ‡bPrincess of Wales / ‡cNancy Whitelaw.
250 . ‡a1st edition
260 . ‡aGreensboro, NC : ‡bMorgan Reynolds, ‡cc1998.
300 . ‡a112 pages : ‡billustrations ; ‡c23 cm.
504 . ‡aIncludes bibliographical references (p. 105) and index.
520 . ‡aA biography of the Princess of Wales, beginning with her birth and including her death in 1997.
60000. ‡aDiana, ‡cPrincess of Wales, ‡d1961-1997 ‡vJuvenile literature.
650 0. ‡aPrincesses ‡zGreat Britain ‡vBiography ‡vJuvenile literature.
650 1. ‡aPrincesses.
650 1. ‡aWomen ‡vBiography.
959 . ‡i32269000556681 ‡lJB Spe ‡aJuvenile - NonFiction ‡tJuv Nonfiction ‡g15.95
852 . ‡p32269000556681 ‡jJB Spe ‡gJuvenile - NonFiction ‡cJuv Nonfiction ‡y15.95 ‡bSBPL
901 . ‡a116240 ‡bUnknown ‡c116240 ‡tbiblio

Additional Resources